Countries with a Majority Buddhism Population - Statistics

General Stats
  • This quiz has been taken 832 times
  • The average score is 6 of 7
Answer Stats
% Country % Correct
93 Thailand
93%
67 Laos
92%
97 Cambodia
91%
88 Myanmar
91%
85 Bhutan
86%
70 Japan
80%
75 Sri Lanka
69%
No matching quizzes found
Score Distribution
Percent of People with Each Score
Percentile by Number Answered
Your Score History
You have not taken this quiz